ထန်းနှင့်ထန်းလုပ်ငန်းဆိုင်ရာ သိကောင်းစရာ / (Record no. 27217)

000 -LEADER
fixed length control field 01412nam a22002297a 4500
005 - DATE AND TIME OF LATEST TRANSACTION
control field 20260123084949.0
008 - FIXED-LENGTH DATA ELEMENTS--GENERAL INFORMATION
fixed length control field 230714b ||||| |||| 00| 0 eng d
040 ## - CATALOGING SOURCE
Transcribing agency SSBUL
Modifying agency SSBUL
082 ## - DEWEY DECIMAL CLASSIFICATION NUMBER
Edition number 23
Classification number ၆၃၄.၉၇၄ လင်း ၁၅၉၉၃ (S-SAT)
100 ## - MAIN ENTRY--PERSONAL NAME
Personal name လင်းသူ၊
Titles and words associated with a name မောင်၊
Miscellaneous information (ညောင်ဦး)။
9 (RLIN) 27998
245 ## - TITLE STATEMENT
Title ထန်းနှင့်ထန်းလုပ်ငန်းဆိုင်ရာ သိကောင်းစရာ /
Statement of responsibility, etc. မောင်လင်းသူ(ညောင်ဦး)။
260 ## - PUBLICATION, DISTRIBUTION, ETC.
Place of publication, distribution, etc. ရန်ကုန်၊
Name of publisher, distributor, etc. စာပေဗိမာန်၊
Date of publication, distribution, etc. ၁၉၈၉။
300 ## - PHYSICAL DESCRIPTION
Extent ၁၉၈ စာမျက်နှာ၊
Dimensions ၁၈ စင်တီ။
440 ## - SERIES STATEMENT/ADDED ENTRY--TITLE
Title စာပေဗိမာန်ထုတ်ပြည်သူ့လက်စွဲစာစဉ်။
9 (RLIN) 27757
500 ## - GENERAL NOTE
General note ၁၉၈၆ ခုနှစ်၊ စာပေဗိမာန်စာမူဆုသုတပဒေသာ(ဝိဇ္ဇာပညာရပ်) ပထမဆုရစာအုပ်ဖြစ်သည်။
General note S-SAT: Dr. Prof Sai Aung Tun
504 ## - BIBLIOGRAPHY, ETC. NOTE
Linkage ကျမ်းကိုးစာရင်းပါရှိသည်။
650 ## - SUBJECT ADDED ENTRY--TOPICAL TERM
Topical term or geographic name entry element ထန်းပင်။
9 (RLIN) 27999
Topical term or geographic name entry element ထန်းစိုက်ပျိုးခြင်း။
9 (RLIN) 28000
Topical term or geographic name entry element ထန်းလုပ်ငန်း။
9 (RLIN) 28001
942 ## - ADDED ENTRY ELEMENTS (KOHA)
Source of classification or shelving scheme
Koha item type Book (Short term)
Holdings
Withdrawn status Lost status Source of classification or shelving scheme Damaged status Not for loan Collection code Permanent Location Current Location Shelving location Date acquired Total Checkouts Full call number Barcode Date last seen Price effective from Koha item type Accession
          Special Collections Shan State Buddhist University Library Shan State Buddhist University Library Processing Center 14/07/2023   ၆၃၄.၉၇၄ လင်း ၁၅၉၉၃ (S-SAT) MB00015993 14/07/2023 14/07/2023 Book (Short term) ၁၅၉၉၃ (S-SAT)

Library - 09407999929
Admin Office - 09407999979
Dean Office - 09250910768
Registrar Office - 09892297154
Email - [email protected]
Shan State Buddhist University, Phaya Phyu Taunggyi, Shan State, Myanmar.